| 000 -LEADER |
| fixed length control field |
02963cam a22004094a 4500 |
| 001 - CONTROL NUMBER |
| control field |
13998300 |
| 005 - DATE AND TIME OF LATEST TRANSACTION |
| control field |
20170105102921.0 |
| 008 - FIXED-LENGTH DATA ELEMENTS--GENERAL INFORMATION |
| fixed length control field |
050610s2006 nyua b 101 0 eng |
| 010 ## - LIBRARY OF CONGRESS CONTROL NUMBER |
| LC control number |
2005049940 |
| 015 ## - NATIONAL BIBLIOGRAPHY NUMBER |
| National bibliography number |
GBA597081 |
| Source |
bnb |
| 016 7# - NATIONAL BIBLIOGRAPHIC AGENCY CONTROL NUMBER |
| Record control number |
013337852 |
| Source |
Uk |
| 020 ## - INTERNATIONAL STANDARD BOOK NUMBER |
| International Standard Book Number |
0195685512 |
| 035 ## - SYSTEM CONTROL NUMBER |
| System control number |
(OCoLC)ocm60664438 |
| 035 ## - SYSTEM CONTROL NUMBER |
| System control number |
(OCoLC)60664438 |
| 040 ## - CATALOGING SOURCE |
| Original cataloging agency |
DLC |
| Transcribing agency |
DLC |
| Modifying agency |
OCLCQ |
| -- |
UKM |
| -- |
C#P |
| -- |
BAKER |
| -- |
EU0 |
| -- |
NBU |
| -- |
COO |
| -- |
DLC |
| 042 ## - AUTHENTICATION CODE |
| Authentication code |
pcc |
| 050 00 - LIBRARY OF CONGRESS CALL NUMBER |
| Classification number |
HF1418.5 |
| Item number |
.G581655 2006 |
| 082 00 - DEWEY DECIMAL CLASSIFICATION NUMBER |
| Classification number |
337.1 |
| Edition number |
22 |
| 245 00 - TITLE STATEMENT |
| Title |
Globalization and egalitarian redistribution / |
| Statement of responsibility, etc. |
edited by Pranab Bardhan, Samuel Bowles & Michael Wallerstein. |
| 260 ## - PUBLICATION, DISTRIBUTION, ETC. |
| Place of publication, distribution, etc. |
New York : |
| Name of publisher, distributor, etc. |
Russell Sage Foundation ; |
| Place of publication, distribution, etc. |
Princeton, N.J. : |
| Name of publisher, distributor, etc. |
Princeton University Press, |
| Date of publication, distribution, etc. |
c2006. |
| 300 ## - PHYSICAL DESCRIPTION |
| Extent |
xii, 326 p. : |
| Other physical details |
ill. ; |
| Dimensions |
24 cm. |
| 500 ## - GENERAL NOTE |
| General note |
Research from a workshop, "Persistent Inequality in a Competitive World," and from other projects funded by a grant from the Russell Sage Foundation to the Santa Fe Institute. |
| 504 ## - BIBLIOGRAPHY, ETC. NOTE |
| Bibliography, etc. note |
Includes bibliographical references and index. |
| 505 0# - FORMATTED CONTENTS NOTE |
| Formatted contents note |
Globalization and the limits to poverty alleviation / Pranab Bardhan -- Social protection in a supranational context: European integration and the fates of the "European social model" / Claus Offe -- Threat effects of capital mobility on wage bargaining / Minsik Choi -- Constraints, opportunities, and information: financial market-government relations around the world / Layna Mosley -- Egalitarian redistribution in globally integrated economies / Samuel Bowles -- Social democracy as a development strategy / Karl Ove Moene & Michael Wallerstein -- Globalization and democracy / Adam Przeworski & Covadonga Meseguer Yebra -- Between redistribution and trade: the political economy of protectionism and domestic compensation / Carles Boix -- Public opinion, international economic integration, and the welfare state / Kenneth Scheve & Matthew J. Slaughter -- Immigration and redistribution in a global era / Stuart Soroka, Keith Banting & Richard Johnston -- Economic integration, cultural standardization, and the politics of social insurance / Samuel Bowles & Ugo Pagano -- Conclusion / Pranab Bardhan, Samuel Bowles & Michael Wallerstein. |
| 650 #0 - SUBJECT ADDED ENTRY--TOPICAL TERM |
| Topical term or geographic name entry element |
International economic integration |
| General subdivision |
Social aspects |
| Form subdivision |
Congresses. |
| 650 #0 - SUBJECT ADDED ENTRY--TOPICAL TERM |
| Topical term or geographic name entry element |
Income distribution |
| Form subdivision |
Congresses. |
| 650 #0 - SUBJECT ADDED ENTRY--TOPICAL TERM |
| Topical term or geographic name entry element |
Equality |
| Form subdivision |
Congresses. |
| 700 1# - ADDED ENTRY--PERSONAL NAME |
| Personal name |
Bardhan, Pranab K. |
| 700 1# - ADDED ENTRY--PERSONAL NAME |
| Personal name |
Bowles, Samuel. |
| 700 1# - ADDED ENTRY--PERSONAL NAME |
| Personal name |
Wallerstein, Michael, |
| Dates associated with a name |
1951- |
| 710 2# - ADDED ENTRY--CORPORATE NAME |
| Corporate name or jurisdiction name as entry element |
Russell Sage Foundation. |
| 856 42 - ELECTRONIC LOCATION AND ACCESS |
| Materials specified |
Contributor biographical information |
| Uniform Resource Identifier |
<a href="http://www.loc.gov/catdir/enhancements/fy0654/2005049940-b.html">http://www.loc.gov/catdir/enhancements/fy0654/2005049940-b.html</a> |
| 856 42 - ELECTRONIC LOCATION AND ACCESS |
| Materials specified |
Publisher description |
| Uniform Resource Identifier |
<a href="http://www.loc.gov/catdir/enhancements/fy0654/2005049940-d.html">http://www.loc.gov/catdir/enhancements/fy0654/2005049940-d.html</a> |
| 906 ## - LOCAL DATA ELEMENT F, LDF (RLIN) |
| a |
7 |
| b |
cbc |
| c |
orignew |
| d |
1 |
| e |
ocip |
| f |
20 |
| g |
y-gencatlg |
| 942 ## - ADDED ENTRY ELEMENTS (KOHA) |
| Source of classification or shelving scheme |
|
| Koha item type |
Book |